Vág völgye Vágváralja
Zobrazenie: Pohľad na zrúcaninu Považského hradu, pod ňou kaštieľ (uprostred), kostol (vľavo), domy (vpravo) a rieka Váh v popredí. Na rieke vidno vľavo loďku s dvomi ľuďmi na palube
| Format: | Postcard |
|---|---|
| Language: | Hungarian German |
| PhysicalDescription: | 1 pohľadnica kolorovaná 9 x 14 cm |
| Published: |
Vágbesztercze
Waldapfel Gyula
[medzi 1905 a 1930?]
|
| Subjects: |
MARC
| LEADER | 00000nkm a2200000 a 4500 | ||
|---|---|---|---|
| 001 | vtls011620351 | ||
| 003 | SK-MaSNL | ||
| 005 | 20260512123525.0 | ||
| 007 | kp ho | ||
| 008 | 230718q1905 xo g kuhun | ||
| 015 | |a SNBG | ||
| 035 | |a urn:nbn:sk:snk-km00dtp0 | ||
| 035 | |a urn:nbn:sk:snk-km3lubx | ||
| 035 | |a 2FB0CD87-C4C4-4FD2-9985-4D1A123D8D53 | ||
| 040 | |a SNK |b slo |c SNK |e AACR2 | ||
| 041 | 0 | |a hun |a ger | |
| 043 | |a e-xo--- | ||
| 044 | |a xo |c SK | ||
| 072 | 7 | |a 913 |x Regionálna geografia |2 konspekt | |
| 080 | |a (084.121) |2 2011 | ||
| 080 | |a 913(437.6) |2 2011 | ||
| 080 | |a 728.81 |2 2011 | ||
| 080 | |a 7.025.21 |2 2011 | ||
| 080 | |a 726:27-523.42 |2 2011 | ||
| 080 | |a 728.82 |2 2011 | ||
| 080 | |a 556.53 |2 2011 | ||
| 080 | |a (282.243) |2 2011 | ||
| 245 | 0 | 2 | |a Vág völgye |h grafika |b Vágváralja |
| 246 | 3 | 1 | |a Das Waagtal |
| 260 | |a Vágbesztercze |b Waldapfel Gyula |c [medzi 1905 a 1930?] | ||
| 300 | |a 1 pohľadnica |b kolorovaná |c 9 x 14 cm | ||
| 520 | 8 | |a Zobrazenie: Pohľad na zrúcaninu Považského hradu, pod ňou kaštieľ (uprostred), kostol (vľavo), domy (vpravo) a rieka Váh v popredí. Na rieke vidno vľavo loďku s dvomi ľuďmi na palube | |
| 546 | |a Súbežný názov v nem. | ||
| 610 | 2 | 7 | |a Považský hrad (Považská Bystrica, Slovensko) |2 SNKKA |9 165143 |
| 610 | 2 | 7 | |a Rokokový kaštieľ (Považské Podhradie, Slovensko) |2 SNKKA |9 168925 |
| 650 | 0 | 7 | |a hrady |2 SNKPH |9 3039 |
| 650 | 0 | 7 | |a zrúcaniny |2 SNKPH |9 31233 |
| 650 | 0 | 7 | |a kostoly |2 SNKPH |9 3023 |
| 650 | 0 | 7 | |a kaštiele |2 SNKPH |2 SNKPH |9 28599 |
| 650 | 0 | 7 | |a rieky |2 SNKPH |9 29644 |
| 651 | 7 | |a Považské Podhradie (Považská Bystrica, Slovensko) |2 SNKPHgeo |9 200745 | |
| 651 | 7 | |a Váh (Slovensko : rieka) |2 SNKPHgeo |9 59387 | |
| 655 | 7 | |a miestne pohľadnice |2 SNKPH |9 70510 | |
| 752 | |a Slovensko |d Považská Bystrica | ||
| 852 | |a Slovenská národná knižnica | ||
| 954 | |a pohľadnice pôvodné (slovenské) |2 lita | ||
| 954 | |a pohľadnice cudzojazyčné (svetové) |2 lita | ||
| 958 | |a OND | ||
| 958 | |a GBN | ||
| 958 | |a GC | ||
| 958 | |a EUIPO | ||
| 999 | |c 767366 |d 769296 | ||
| 952 | |a SNK |b SNK |y PREZ |7 0 |p 17A1223280 |o snkSP 19728 |0 0 |1 0 |4 0 |d 2017-03-27 |f 1 |l 0 |r 2026-02-24 00:23:53 |w 2026-02-24 | ||


